Harry Potter - Mangemorts, Ordre du Phénix et Armée de Dumbledore - Statistiques

Statistiques générales
  • Ce quiz a été pris 152 fois
  • Le résultat moyen est 58 sur 98
Statistiques - réponses
OrganisationArmée de Dumbledore Indice Membre % Correct
Mangemorts Première et Deuxième guerre Lucius Malefoy
89%
Ordre du Phénix Premier et Deuxième Ordre Albus Dumbledore
85%
Armée de Dumbledore Gryffondor Katie Bell
85%
Mangemorts Première et Deuxième guerre Bellatrix Lestrange
83%
Mangemorts Deuxième guerre Drago Malefoy
83%
Ordre du Phénix Deuxième Ordre Fred Weasley
83%
Armée de Dumbledore Gryffondor Fred Weasley
83%
Ordre du Phénix Deuxième Ordre George Weasley
83%
Armée de Dumbledore Gryffondor George Weasley
83%
Ordre du Phénix Mort pour le Premier Ordre James Potter
83%
Mangemorts A participé à la Première guerre (traître) Severus Rogue
83%
Ordre du Phénix Deuxième Ordre Severus Rogue
83%
Armée de Dumbledore Leader de l'Armée de Dumbledore en 1997 Ginny Weasley
82%
Ordre du Phénix Deuxième Ordre Harry Potter
82%
Armée de Dumbledore Fondateur de l'Armée de Dumbledore Harry Potter
82%
Ordre du Phénix Morte pour le Premier Ordre Lily Potter
82%
Armée de Dumbledore Leader de l'Armée de Dumbledore en 1997 Neville Londubat
82%
Ordre du Phénix Deuxieme Ordre Ron Weasley
82%
Armée de Dumbledore Fondateur de l'Armée de Dumbledore Ron Weasley
82%
Ordre du Phénix Premier et Deuxième Ordre Sirius Black
82%
Ordre du Phénix Deuxième Ordre Bill Weasley
81%
Ordre du Phénix Deuxième Ordre Hermione Granger
81%
Armée de Dumbledore Fondatrice de l'Armée de Dumbledore Hermione Granger
81%
Armée de Dumbledore Leader de l'Armée de Dumbledore en 1997 Luna Lovegood
79%
Mangemorts Première et Deuxième guerre Peter Pettigrow
79%
Ordre du Phénix Traitre Peter Pettigrow
79%
Ordre du Phénix Deuxième Ordre Nymphadora Tonks
78%
Ordre du Phénix Premier et Deuxième Ordre Remus Lupin
78%
Ordre du Phénix Torturée Alice Londubat
76%
Ordre du Phénix Deuxième Ordre Arthur Weasley
76%
Armée de Dumbledore Serdaigle Cho Chang
76%
Armée de Dumbledore Gryffondor Dean Thomas
76%
Ordre du Phénix Deuxième Ordre Molly Weasley
76%
Ordre du Phénix Premier et Deuxième Ordre Alastor Maugrey, Fol-Oeil
75%
Ordre du Phénix Premier et Deuxième Ordre Minerva McGonagall
75%
Mangemorts "Le chef Mangemort" Voldemort
75%
Ordre du Phénix Deuxième Ordre Charlie Weasley
74%
Armée de Dumbledore Serdaigle Padma Patil
72%
Armée de Dumbledore Gryffondor Parvati Patil
72%
Armée de Dumbledore Gryffondor Seamus Finnigan
71%
Ordre du Phénix Torturé Frank Londubat
69%
Mangemorts Mort durant la Première guerre (traître) Regulus Black
69%
Mangemorts Première et Deuxième guerre Goyle Senior
68%
Mangemorts Première et Deuxième guerre Crabbe Senior
67%
Mangemorts A participé à la Première guerre (déserteur) Igor Karkaroff
64%
Ordre du Phénix Deuxième Ordre Kingsley Shacklebolt
64%
Armée de Dumbledore Gryffondor Angelina Johnson
60%
Mangemorts Première et Deuxième guerre Barty Croupton Junior
60%
Armée de Dumbledore Gryffondor Colin Crivey
60%
Armée de Dumbledore Poufsouffle Hannah Abbot
58%
Mangemorts Deuxième guerre Corban Yaxley
57%
Mangemorts Première et Deuxième guerre Rodolphus Lestrange
57%
Mangemorts Première et Deuxième guerre Antonin Dolohov
56%
Ordre du Phénix Deuxième Ordre Fleur Delacour
54%
Armée de Dumbledore Gryffondor Lavande Brown
54%
Ordre du Phénix Premier et Deuxième Ordre Mondingus Fletcher
54%
Mangemorts Première et Deuxième guerre Rabastan Lestrange
53%
Armée de Dumbledore Poufsouffle Ernie Macmillan
51%
Mangemorts Première et Deuxième guerre Alecto Carrow
50%
Mangemorts Première et Deuxième guerre Amycus Carrow
50%
Mangemorts Deuxième guerre Avery Junior
50%
Mangemorts Mort durant la Première guerre Avery Senior
50%
Ordre du Phénix Premier et Deuxième Ordre Rubeus Hagrid
50%
Armée de Dumbledore Gryffondor Dennis Crivey
49%
Mangemorts Mort durant la Première guerre Evan Rosier
47%
Ordre du Phénix Mort pour le Premier Ordre Fabian Prewett
47%
Armée de Dumbledore Gryffondor Lee Jordan
47%
Armée de Dumbledore Gryffondor Alicia Spinnet
46%
Mangemorts Première et Deuxième guerre Augustus Rookwood
46%
Ordre du Phénix Mort pour le Premier Ordre Gideon Prewett
46%
Armée de Dumbledore Poufsouffle Susan Bones
46%
Ordre du Phénix Morte pour le Premier Ordre Marlene McKinnon
43%
Mangemorts Deuxième guerre Nott
43%
Ordre du Phénix Deuxième Ordre Elphias Doge
40%
Armée de Dumbledore Poufsouffle Justin Finch-Fletchley
40%
Ordre du Phénix Mort pour le Premier Ordre Edgar Bones
39%
Armée de Dumbledore Poufsouffle Zacharias Smith
39%
Mangemorts Première et Deuxième guerre Walden Macnair
36%
Armée de Dumbledore Serdaigle Anthony Goldstein
35%
Ordre du Phénix Morte pour le Premier Ordre Dorcas Meadowes
35%
Ordre du Phénix Premier et Deuxième Ordre Emmeline Vance
35%
Armée de Dumbledore Serdaigle Marietta Edgecombe
35%
Ordre du Phénix Deuxième Ordre Arabella Figg
33%
Ordre du Phénix Deuxième Ordre Dedalus Diggle
33%
Armée de Dumbledore Serdaigle Michael Corner
32%
Mangemorts Deuxième guerre Mulciber Junior
32%
Mangemorts A participé à la Première guerre Mulciber Senior
32%
Mangemorts Deuxième guerre Travers
32%
Mangemorts Deuxième guerre Thorfinn Rowle
31%
Ordre du Phénix Deuxième Ordre Hestia Jones
29%
Armée de Dumbledore Serdaigle Terry Boot
28%
Mangemorts Deuxième guerre Selwyn
25%
Ordre du Phénix Premier et Deuxième Ordre Sturgis Podmore
25%
Ordre du Phénix Mort pour le Premier Ordre Caradoc Dearborn
22%
Mangemorts Mort durant la Première guerre Wilkes
22%
Ordre du Phénix Mort pour le Premier Ordre Benjy Fenwick
21%
Mangemorts Deuxième guerre Gibbon
21%
Mangemorts Deuxième guerre Jugson
21%
Aucun quiz correspondant
Distribution des résultats
% des personnes avec chaque résultat
Percentile par nombre de réponses
Votre historique - résultats
Vous n’avez pas pris ce quiz